Technika vysokonapäťovej izolácie /

Gespeichert in:
Bibliographische Detailangaben
1. Verfasser: Hradský, Štefan (Verfasst von)
Format: Buch
Sprache:Slowakisch
Veröffentlicht: Bratislava : STU v Bratislave, 1986
Ausgabe:1.vyd.
Tags: Tag hinzufügen
Keine Tags, Fügen Sie das erste Tag hinzu!

MARC

LEADER 00000nam a22000003a 4500
001 stu6984
005 20150617225809.4
008 940801s1986----cs------------------slo-d
040 |a STU  |b slo 
041 0 |a slo 
044 |a cs 
100 1 |a Hradský, Štefan  |4 aut 
245 1 |a Technika vysokonapäťovej izolácie /  |c [aut.] Hradský,řtefan 
250 |a 1.vyd. 
260 |a Bratislava :  |b STU v Bratislave,  |c 1986 
300 |a 181 s 
996 |b E61332  |c E*61332  |l EE01  |s A  |a 24  |w stu6984_0001